000 00853nam a22002177a 4500
999 _c18959
_d18959
003 AR-CdUCM
008 190516b ||||| |||| 00| 0 spa d
020 _a84-283-1087-4
040 _aMUNICIPALIDAD PROVINCIAL DEL CUSCO
_cBIBLIOTECA MUNICIPAL DEL CUSCO
082 _a629.985 /
_bA58
100 _aAngulo Usategui, José María
_939910
245 _aMicroprocesadores :
_barquitectura, programación y desarrollo de sistemas /
260 _aMadrid :
_bParaninfo,
_c1981.
300 _a530 páginas ;
_bDiagramas, fotografías,
_c22 cm.
505 _aContenido: Conceptos preliminares sobre los ordenadores -- Teoría general sobre la arquitectura de los ordenadores digitales...
650 _aMicroprocesadores
_939911
650 _aArquitectura
_93356
650 _aCircuitos integrados
_919357
942 _2ddc
_cLIBROS
945 _adavv
_d2019-05-16